Manual de instrucciones para la aplicación de la prueba de valoración del desarrollo del niño y la niña de 0 a 6 años: Denver II /
Uloženo v:
| Korporativní autor: | |
|---|---|
| Médium: | Kniha |
| Jazyk: | Spanish |
| Vydáno: |
San José, Costa Rica :
La Caja,
2013
|
| Témata: | |
| Tagy: |
Přidat tag
Žádné tagy, Buďte první, kdo vytvoří štítek k tomuto záznamu!
|
MARC
| LEADER | 00000nam a2200000Ia 4500 | ||
|---|---|---|---|
| 008 | 150814b2013 c a|||| |||| 00| | spa d | ||
| 999 | |c 212 |d 212 | ||
| 090 | |a 06.05.04 |b 2412 | ||
| 110 | 2 | |9 2707 |a Caja Costarricense de Seguro Social | |
| 245 | 1 | 0 | |a Manual de instrucciones para la aplicación de la prueba de valoración del desarrollo del niño y la niña de 0 a 6 años: Denver II / |c Caja Costarricense de Seguro Social |
| 260 | |a San José, Costa Rica : |b La Caja, |c 2013 | ||
| 300 | |a 64 páginas; |b ilustraciones | ||
| 650 | 1 | 4 | |a DESARROLLO DEL NIÑO |9 723 |
| 650 | 1 | 4 | |a EVALUACIÓN |9 287 |
| 942 | |i 004332 |h 06.05.04 2412 |2 z |c 01 | ||
